Protesta campesina en la Costa Rica de los ochenta características, significado social y perspectivas futuras

Shranjeno v:
Bibliografske podrobnosti
Korporativna značnica: CEPAS
Format: Texto
Izdano: San José: CEPAS
Oznake: Označite
Brez oznak, prvi označite!

MARC

LEADER 00000 a a2200000 04500
001 24769
003
040
090 |a 174500  
110 |a CEPAS  
245 |a Protesta campesina en la Costa Rica de los ochenta características, significado social y perspectivas futuras  
260 |a San José:   |b CEPAS  
300 |a 30 p  
999 |c 8224  |d 8224